00933nam a2200289 u 450000100070000000500170000700800410002402000150006503500110008003500210009104000130011204100080012508000070013308000070014010000310014724501310017826000520030930000350036165000360039665000280043265000340046065000270049465000340052165000260055565000300058170000320061132185220260506082502.0981130s1997 spa  a8448111303 a321852 a(OCoLC)777743841 ccomduadb aspa aWA aBD10aLevin, Morris A.4edteedt10aBiotratamiento de residuos tóxicos y peligrosos: selección, estimación, modificación de microorganismos y aplicaciones aBarcelona :bMcGraw-Hill Interamericana,c1997. a338 páginas :bilustraciones aResiduos sólidos industriales aTratamiento biológico 7aLegislación ambiental2Ocde aReactores biológicos aAguas residuales industriales 7aBiorreactores2armarc 7aResiduos peligrosos2lemb10aGealt, Michael A.4edteedt